000 00280nam a2200121Ia 4500
008 221030s9999 xx 000 0 und d
041 _aEnglish
100 _aB. Ghosh
245 0 _aStrategic Management - An Assesssment
_cby B. Ghosh
260 _c0
650 _aMb
942 _cBK
999 _c13975
_d13975